000
00310nam a2200133Ia 4500
999
_c
14005
_d
14005
008
260210s9999 xx 000 0 und d
020
_a
9781032755212
082
_a
711
100
_a
Martin Krieger
245
0
_a
The Humanities in City Planning
260
_b
Routledge
260
_c
2024
942
_c
PG
_2
ddc